000 00832nam a2200229#a 4500
001 02515
003 HDC
007 ta
008 230623s2016 xx 000 0 eng d
040 _aHDC
050 _amatrade BP184.98
_b .M35 2016
110 _aMalaysian External Trade Development Corporation.
245 0 _a11th Malaysian International Halal Showcase, 30 March to 2 April 2016, Kuala Lumpur Convention Centre KLCC, Malaysia /
_cMalaysian External Trade Development Corporation.
264 _aKuala Lumpur :
_bMalaysian External Trade Development Corporation,
_c2016
300 _a423 pages. :
_b color photographs, illustrations ;
_c 21 cm
650 _aHalal food industry
_vDirectories.
650 _aHalal products
_vDirectories.
942 _2lcc
942 _cBK
942 _kmatrade BP184.98
942 _m .M35 2016
999 _c24072
_d24072